Pixar's For The Birds Quiz Stats

 Plays Quiz not verified by Sporcle

Score 0/19 Timer 09:00
0 Plays Today
Event Number Event % Correct
OneOne bird flies on a wire.
100%
TwoAnother bird flies on a wire.
42.9%
ThreeOne bird pecks another bird.
28.6%
FourThe two birds argue.
28.6%
FiveAnother bird comes along and moves away.
28.6%
SixOne of the fighting birds bumps into the bird that moved away.
28.6%
SevenMore birds come on, and the argument quickly grows.
28.6%
EightThe really big bird catches everyone's attention.
28.6%
NineThe birds make fun of it.
28.6%
TenThe birds move so the big bird can sit with them.
28.6%
Event Number Event % Correct
ElevenThe bird flies over to them and moves the wire down.
28.6%
TwelveOne bird pecks him off.
28.6%
ThirteenThe birds continue to do this and tweet in encouragment.
28.6%
FourteenOne bird notices how close they are to the ground.
28.6%
FifteenThat bird alerts the other birds.
28.6%
SixteenThey encourage the two pecking birds to stop.
28.6%
SeventeenThe two birds notice, and the wire goes up.
28.6%
EighteenThe birds lose all their feathers.
28.6%
NineteenThe big bird laughs hysterically.
28.6%

You're not logged in!

Compare scores with friends on all Sporcle quizzes.
OR
Log In

Show Comments

Extras

Top Quizzes Today


Score Distribution

Your Account Isn't Verified!

In order to create a playlist on Sporcle, you need to verify the email address you used during registration. Go to your Sporcle Settings to finish the process.

Report this User

Report this user for behavior that violates our Community Guidelines.

Details: